[Event "Peterborough 4NCL Easter U2000 op"]
[Site "Peterborough"]
[Date "2024.04.01"]
[Round "7"]
[White "Kocan, Barry A"]
[Black "Lawrence, Simon"]
[Result "0-1"]
[WhiteElo "1719"]
[BlackElo "1731"]
[PlyCount "36"]
[EventDate "2024.03.29"]
[EventType "swiss"]
[EventRounds "7"]
[EventCountry "ENG"]
[SourceTitle "CB14_2024"]
[SourceDate "2024.04.01"]
[SourceVersion "1"]
[SourceVersionDate "2024.04.01"]
[SourceQuality "1"]

1. e4 e6 2. d4 d5 3. Nd2 Nf6 4. e5 Nfd7 5. Bd3 c5 6. c3 Nc6 7. Ne2 cxd4 8. cxd4 Qb6 9. Nf3 f5 10. exf6 Nxf6 11. 0-0 Bd6 12. a3 0-0 13. Re1 e5 14. dxe5 Nxe5 15. Nxe5 Bxe5 16. h3 Ng4 17. hxg4 Qxf2+ 18. Kh1 Qh4+ 0-1

[Event "Berks & Bucks Reserves op"]
[Site "Maidenhead"]
[Date "2022.08.28"]
[Round "3"]
[White "Lawrence, Simon"]
[Black "Denney, Simon C"]
[Result "1-0"]
[WhiteElo "1740"]
[BlackElo "1639"]
[PlyCount "43"]
[EventDate "2022.08.27"]
[EventType "swiss"]
[EventRounds "6"]
[EventCountry "ENG"]
[SourceTitle "EXT 2023"]
[Source "ChessBase"]
[SourceDate "2022.10.05"]
[SourceVersion "1"]
[SourceVersionDate "2022.10.05"]
[SourceQuality "1"]

1. e4 Nf6 2. e5 Nd5 3. Nc3 Nxc3 4. dxc3 d6 5. Bf4 Nc6 6. Qd2 g6 7. 0-0-0 Bg7 8. exd6 cxd6 9. Bc4 Be6 10. Bxe6 fxe6 11. Nf3 Qa5 12. Kb1 Rc8 13. Ng5 Nd8 14. Rhe1 Rxc3 15. Nxe6 Nxe6 16. Rxe6 0-0 17. Rxe7 Bf6 18. Rxb7 Qa6 19. Qd5+ Kh8 20. bxc3 Bxc3 21. Bxd6 Re8 22. Qf7 1-0